「新」を「しん」と読まない駅 - Statistics

General Stats
  • This quiz has been taken 143 times
  • The average score is 20 of 50
Answer Stats
Hint Answer % Correct
新潟市 新潟
94%
新発田市 新発田
78%
妙高市 新井
76%
朝来市 新井
76%
福岡市 西新
76%
新潟市 新津
74%
新潟市 東新潟
74%
伊賀市 新居
74%
新見市 新見
74%
新座市 新座
73%
新居浜市 新居浜
71%
登米市 新田
59%
伊達市 新田
59%
新発田市 西新発田
58%
新潟市 新潟大学前
51%
足立区 西新井
48%
我孫子市 新木
42%
秋田市 新屋
38%
前橋市 新屋
38%
足立区 西新井大師西
38%
新潟市 東新津
38%
大洲市 新谷
38%
妙高市 北新井
36%
湖西市 新居町
36%
小野町 小野新町
33%
桐生市 新川
31%
神河町 新野
31%
阿南市 新野
31%
川口市 新井宿
30%
中野区 新井薬師前
29%
名古屋市 新瑞橋
29%
横浜市 新羽
27%
新潟市 新崎
27%
松本市 北新・松本大学前
26%
筑西市 新治
25%
弘前市 新里
23%
桐生市 新里
23%
大田区 武蔵新田
22%
松本市 新村
21%
熊野市 新鹿
21%
仙台市 奥新川
19%
橿原市 新ノ口
19%
新見市 新郷
19%
会津美里町 新鶴
18%
いすみ市 新田野
16%
桐生市 東新川
15%
松本市 下新
15%
甘楽町 上州新屋
14%
一関市 新月
10%
福井市 新田塚
10%
No matching quizzes found
Score Distribution
Percent of People with Each Score
Percentile by Number Answered
Your Score History
You have not taken this quiz